Statistiques concernant Ligue 1 2012-2013: Les Leaders par journée

Cliquez ici pour prendre le quiz!

Statistiques générales

  • Ce quiz a été pris 87 fois
  • Le résultat moyen est 4 sur 5

Statistiques - réponses

Réponse% Correct
Paris SG
99%
Olympique de Marseille
98%
Olympique Lyonnais
98%
Girondins de Bordeaux
78%
SC Bastia
32%

Distribution des résultats

Percentile par nombre de réponses

% des personnes avec chaque résultat

Votre développement - résultats

Vous n’avez pas pris ce quiz